000 00757nam a2200253Ia 4500
003 OSt
005 20221007080617.0
006 a|||||r|||| 00| 0
007 ta
008 221006b |||||||| |||| 00| 0 eng d
024 _a29,710
037 _cTextual
040 _aFLL
_cFLL
_beng
041 _2eng
_aeng
082 _aX:54:Z1:81, P7
100 _aLew Julian D M
_9280708
245 0 _aComparative international commercial arbitration
260 _aNew Delhi
_bWolters Kluwer India India
_c2007
300 _axxxv,953p
_ccm.
700 _a Kroll Stefan M
_9695059
700 _a Mistelis Loukas A
_9695060
942 _hX:54:Z1:81, P7
_cTEXL
_2CC
999 _c1160275
_d1160275